La dogmt̀ica del principio de subsidiariedad horizontal

Detalles Bibliográficos
Autor principal: Vignolo Cueva, Giancarlo
Formato: eBook
Lenguaje:español
Publicado: Lima: Palestra Editores, 2019
Materias:
Acceso en línea:Acceso restringido

MARC

LEADER 00000nam a22000007a 4500
005 20190821012138.0
007 cr|||| |||
008 190821s2019 pe |||||s|||| 00||0 spa d
020 |a 978-612-325-068-3 
035 |a 24145 
040 |a vLex 
090 |c 9259  |d 9259 
100 1 |a Vignolo Cueva, Giancarlo 
245 1 2 |a La dogmt̀ica del principio de subsidiariedad horizontal  |h [Recurso electrn̤ico] /  |c Giancarlo Vignolo Cueva 
256 |a Servicio en ln̕ea 
260 |a Lima:  |b Palestra Editores,  |c 2019 
300 |a 1 recurso electrn̤ico 
506 1 |a Disponible solo en los productos indicados  |d vLex Global  |d vLex Global (Academic Edition, excluding Law Schools)  |d vLex Global (U.S. Academic Edition, Law Schools)  |d vLex Global (U.S. Academic Edition, excluding Law Schools)  |d vLex Global (Academic Edition, Law Schools) 
650 0 4 |a Derecho Pb︢lico y Administrativo  |z Per︢ 
740 0 |a vLex Libros (Servicio en ln̕ea) 
856 4 0 |u http://vlex.com/source/dogmatica-principio-subsidiariedad-horizontal-24145  |z Acceso restringido 
942 |c BOOK 
999 0 |a Public and Administrative Law